000 01237nam a22003377a 4500
003 CHAP
005 20220329141129.0
008 971010s1988 r 00010 d
010 _a63093
011 _a64065
035 _a69135
040 _cCHAP
082 0 4 _a001.6424
_bJ65Y
100 0 0 _aJones, Edward.
_962001
245 1 0 _aAplique el dbase III plus
260 _aMéxico, D.F. :
_bMcGraw-Hill,
_c1988
300 _a483 p.
590 _aBATCH-UPD
_b10
_c20130110
_lUCH01
_h1936
590 _aBATCH-UPD
_b10
_c20130410
_lUCH01
_h1300
590 _aBATCH-UPD
_b10
_c20130914
_lUCH01
_h1629
590 _aCONVERSION
_b10
_c20130109
_lUCH01
_h1334
650 4 _aDBase III Plus (Programación)
_931357
650 4 _aLenguajes de programación.
_965989
901 _aBK
942 _cLIBRO
949 _a001.6424 J65Y
_bBC
_cLIBRO
_d-57549
_eLIBRO
_gI.143134
_h74013
_i69135
_si
949 _a001.6424 J65Y
_bBC
_cLIBRO
_d-57550
_eLIBRO
_fc.2
_h74014
_i69135
_si
949 _a001.6424 J65Y
_bBC
_cLIBRO
_d33724000292652
_eLIBRO
_fc.3
_gI.143132
_h74199
_i69135
_si
949 _a001.6424 J65Y
_bBC
_cLIBRO
_d33724000583688
_eLIBRO
_fc.4
_gI.c.e
_h77529
_i69135
_si
_t49.50
949 _a001.6424 J65Y
_bBC
_cLIBRO
_d33724000824561
_eLIBRO
_fc.5
_gI.c.e
_h100172
_i69135
_so
999 _c63093
_d63093